000 00345nam a2200097Ia 4500
008 220120s9999||||xx |||||||||||||| ||und||
100 _aAshwini Prabhu, Kavyashree K.R, Nithyashree and Pallavi M.V
_912345
245 0 _aRemote directory services
260 _aCoorg Institute of Technology
_bPonnampet
_c2011
650 _aELECTRONICS AND COMMUNICATIONS
999 _c137931
_d137931